| 000 | 00975nam0a2200289 4500 | ||
|---|---|---|---|
| 001 | RU\NLR\ONL2\12892 | ||
| 005 | 20260607091345.0 | ||
| 035 | _a(NLR Aleph) 009660478 | ||
| 090 |
_a13719637 _c13719637 |
||
| 100 | _a20081101d1977 u||y0rusy50 ca | ||
| 101 | 0 | _aaze | |
| 102 | _aAZ | ||
| 105 | _ac ||||||||| | ||
| 200 | 1 |
_aБаjатылар _eXVII-XX ?срл?р _fАз?рб. ССР ЕА. Респ. ?лjазмалар фонду _gт?рт. в? муг?ддим? А. М?мм?дова |
|
| 210 |
_aБакы _cЕлм _d1977 |
||
| 215 |
_a328 с. _d20 |
||
| 541 | 1 |
_aБаяты _e(XVII-XX вв.) _zrus |
|
| 606 | 0 |
_aАзербайджанский фольклор _2nlr-sh2 _2nlr-sh1 _3RU\NLR\auth\6621828 |
|
| 686 | 1 | _aШ3(247=Аз)-631 | |
| 702 | 1 |
_aМ?мм?дова _bА. _gАсjа _4220 |
|
| 801 | 0 |
_aRU _bNLR _c20090226 _gPSBO |
|
| 852 |
_aNLR _bОНЛ _jАзерб./2-17890 |
||
| 942 | _cBOOK | ||
| 980 | _aONL_RF | ||
| 980 | _aNB | ||